বাংলাদেশে শিক্ষা : (Record no. 59866)
[ view plain ]
| 000 -LEADER | |
|---|---|
| fixed length control field | 00880nam a2200229 a 4500 |
| 001 - CONTROL NUMBER | |
| control field | 59866 |
| 003 - CONTROL NUMBER IDENTIFIER | |
| rucl marc code | BD-RjUL |
| 005 - DATE AND TIME OF LATEST TRANSACTION | |
| control field | 20211209080757.0 |
| 008 - FIXED-LENGTH DATA ELEMENTS--GENERAL INFORMATION | |
| fixed length control field | 161227s1986 bg ||||| |||| 00| 0 ben d |
| 020 ## - INTERNATIONAL STANDARD BOOK NUMBER | |
| Terms of availability | : TK 20.00 |
| 035 ## - SYSTEM CONTROL NUMBER | |
| System control number | (BD-RjUL)59990 |
| 040 ## - CATALOGING SOURCE | |
| Original cataloging agency | BD-RjUL |
| Language of cataloging | ben |
| Transcribing agency | BD-RjUL |
| 041 ## - LANGUAGE CODE | |
| Language code of text/sound track or separate title | ben |
| 082 ## - DEWEY DECIMAL CLASSIFICATION NUMBER | |
| Edition number | 23 |
| Classification number | 370.95492 |
| Author mark and year | MAB 1986 |
| 100 ## - MAIN ENTRY--PERSONAL NAME | |
| Personal name | মাহবুব-উল-হক, ফিরদৌস |
| 9 (RLIN) | 178123 |
| 245 10 - TITLE STATEMENT | |
| Title | বাংলাদেশে শিক্ষা : |
| Remainder of title | পদ্ধতি ও পরিচালনা / |
| Statement of responsibility, etc. | ফিরদৌস মাহবুব-উল-হক |
| 260 ## - PUBLICATION, DISTRIBUTION, ETC. (IMPRINT) | |
| Place of publication, distribution, etc. | ঢাকা : |
| Name of publisher, distributor, etc. | পালক পাবলিশার্স, |
| Date of publication, distribution, etc. | ১৯৮৬ |
| 300 ## - PHYSICAL DESCRIPTION | |
| Pagination | ৫৫ পৃ. ; |
| Size | ২১ সেমি. |
| 650 ## - SUBJECT ADDED ENTRY--TOPICAL TERM | |
| Topical term or geographic name as entry element | শিক্ষা |
| Geographic subdivision | বাংলাদেশ |
| 9 (RLIN) | 178124 |
| Topical term or geographic name as entry element | Education |
| Geographic subdivision | Bangladesh |
| 9 (RLIN) | 178125 |
| 942 ## - ADDED ENTRY ELEMENTS (KOHA) | |
| Source of classification or shelving scheme | Dewey Decimal Classification |
| Koha item type | Books |
| Lost status | Source of classification or shelving scheme | Damaged status | Not for loan | Collection code | Permanent Location | Current Location | Shelving location | Date acquired | Source of acquisition | Cost, normal purchase price | Total Checkouts | Full call number | Date last seen | Copy number | Koha item type |
|---|---|---|---|---|---|---|---|---|---|---|---|---|---|---|---|
| Dewey Decimal Classification | Not For Loan | Non-fiction | Central Library, University of Rajshahi | Central Library, University of Rajshahi | Reading Room | 28/02/1990 | Bangla Academy, Dhaka | 34.00 | B 370.95492 MAB 1986 | 27/12/2016 | C-1 | Books |